Statistics for 都道府県別最も人口の少ない市町村

Click here to take the quiz!

General Stats

  • This quiz has been taken 26 times
  • The average score is 30 of 47

Answer Stats

都道府県市町村人口% Correct
東京都青ヶ島村168
95%
愛知県豊根村987
89%
大阪府千早赤阪村4893
84%
新潟県粟島浦村329
84%
三重県木曽岬町5994
79%
秋田県上小阿仁村2029
79%
和歌山県北山村404
79%
山梨県丹波山村535
79%
埼玉県東秩父村2548
79%
鹿児島県三島村369
74%
島根県知夫村615
74%
奈良県野迫川村336
74%
北海道音威子府村668
74%
神奈川県清川村2812
74%
群馬県上野村1075
74%
福井県池田町2327
68%
長野県平谷村386
68%
岐阜県白川村1513
68%
静岡県松崎町5971
68%
高知県大川村361
68%
青森県西目屋村1272
68%
福島県檜枝岐村512
63%
岩手県野田村4027
63%
大分県姫島村1812
63%
岡山県新庄村847
63%
山形県大蔵村2939
63%
沖縄県渡名喜村317
63%
京都府笠置町1159
63%
石川県川北町6157
58%
栃木県塩谷町10322
58%
広島県安芸太田町5700
58%
茨城県五霞町8112
53%
佐賀県玄海町5130
53%
福岡県東峰村1912
53%
愛媛県松野町3661
53%
宮崎県西米良村1073
53%
山口県上関町2390
53%
富山県船橋村3271
53%
宮城県七ヶ宿町1258
53%
千葉県神崎町5761
53%
香川県直島町2949
47%
長崎県小値賀町2239
47%
熊本県五木村974
47%
徳島県上勝町1427
47%
兵庫県神河町10661
42%
滋賀県甲良町6595
42%
鳥取県江府町2617
26%

Score Distribution

Percentile by Number Answered

Percent of People with Each Score

Your Score History

You have not taken this quiz